Statistics for UEFA champions league AND Copa Libertadores winners

Click here to take the quiz!

General Stats

  • This quiz has been taken 796 times
    (719 since last reset)
  • The average score is 5 of 8

Answer Stats

HintAnswer% Correct
Santos 2011Barcelona 2015Neymar
94%
Barcelona 2006Atletico Mineiro 2013Ronaldinho
85%
Manchester United 2008Boca Juniors 2003Carlos Tevez
76%
AC Milan 2007Sao Paulo 1992, 1993Cafu
66%
AC Milan 2003, 2007Cruzeiro 1997Dida
62%
Internazionale 2010Boca Juniors 2000Walter Samuel
36%
AC Milan 2003Palmeiras 1999Roque Junior
18%
Juventus 1996River Plate 1996Juan Pablo Sorin
16%

Score Distribution

Percentile by Number Answered

Percent of People with Each Score

Your Score History

You have not taken this quiz since the last reset